00246nam a2200097Ia 4500008004100000082000800041100002200049245005600071942000600127999001500133240331s9999 xx 000 0 und d bVAI aVaitheeswaran, K. 0aFamily - relationship :b guide for prosperous life cL c5844d5844